000 00424nam a2200181Ia 4500
001 2443
005 20260306144807.0
008 260306t1965||||xx |||||||||||||| ||spa||
041 _aESP
082 _a616.89
_bS76
100 _aSpoerri, Th.
_eAUT
245 0 _aCompendio de psiquiatría texto impreso
260 _c1965
300 _a191 páginas :
_ccm.
650 _aGEN
654 _aCPS
942 _cLIB
_dJUS
_fJUS
_2ddc
_n
999 _c2443
_d2443